Normal view
MARC view
- التكروري ،سناء حافظ
Entry Personal Name
001 - CONTROL NUMBER
- control field: 31584
003 - CONTROL NUMBER IDENTIFIER
- control field: JO-AjAnu
005 - DATE AND TIME OF LATEST TRANSACTION
- control field: 20230606075321.0
008 - FIXED-LENGTH DATA ELEMENTS
- fixed length control field: 230606|| aca||aabn | a|a d
040 ## - CATALOGING SOURCE
- Original cataloging agency: JO-AjAnu
- Transcribing agency: JO-AjAnu
100 ## - HEADING--PERSONAL NAME
- Personal name: التكروري ،سناء حافظ
670 ## - SOURCE DATA FOUND
- Source citation: Work cat.: (JO-AjAnu)16216: التكروري ،سناء حافظ , author, نظم استرجاع المعلومات بين النظرية والتطبيق